Statistics for EVERY UNDEFEATED NCAA FOOTBALL TEAM SINCE 2000

Click here to take the quiz!

General Stats

  • This quiz has been taken 23 times
  • The average score is 16 of 21

Answer Stats

HintAnswer% Correct
2020Alabama
100%
2009Alabama
100%
2013Florida State
100%
2022Georgia
95%
2019LSU
95%
2023Michigan
91%
2018Clemson
86%
2002Ohio State
86%
2012Ohio State
86%
2005Texas
86%
2004USC
86%
2010Auburn
77%
2004Auburn
77%
2000Oklahoma
77%
2001Miami (FL)
68%
2010TCU
59%
2017UCF
50%
2006Boise State
36%
2009Boise State
36%
2008Utah
27%
2004Utah
27%

Score Distribution

Percentile by Number Answered

Percent of People with Each Score

Your Score History

You have not taken this quiz